000 01145cam7a220026501 4500
001 tmp15741592
003 UPRA
005 20190820082929.0
008 951017m19401942po por u
035 _a(Sirsi) r92086
035 _a(UPRA)tmp15741592
040 _cUPRA
100 1 _aCadornega, Antonio de Oliviera de.
_6A51019.1
245 1 0 _aHistoria geral das guerras Angolanas.
260 _a[Lisboa] :
_bDivis~ao de Publicac~oes e Biblioteca Ag^encia Geral das Colonnias,
_c1940-1942.
500 _aAt head of t.p. : Republica Portuguesa Ministerio das colonias.
505 0 _av. 1. 1680. Anotado e corrigido / por Jose Matias Delgado -- v. 2. 1680. Anotado e corrigido / por Jose Matias Delgado -- v. 3. 1681. Revisto e anotado / por Manuel Alves de Cunha.
600 0 0 _aAngela -- History.
_xAngela -- History.
_6S39954.1
700 1 _aDelgado, Jose Matias.
_6A49037.1
700 1 _aCunha, Manuel Alves da.
_6A49038.1
949 _aDT602
_vVOL. 1
_wlcc
_i-129514
_mMAIN
_tBOOK
_lON-SHELF
949 _aDT602
_vVOL. 3
_wlcc
_i-129515
_mMAIN
_tBOOK
_lON-SHELF
949 _aDT602
_vVOL. 2
_wlcc
_i-129516
_mMAIN
_tBOOK
_lON-SHELF
004 92086
999 _c113869
_d113869